Statistics for All 200k US Cities West of the 100th Meridian

Click here to take the quiz!

General Stats

  • This quiz has been taken 59 times
  • The average score is 31 of 54

Answer Stats

PopulationRegionMetro Area% Correct
13,214,799Southwest CoastLos Angeles
98%
4,948,203SouthwestPhoenix
98%
2,492,412Northwest CoastPortland
98%
3,338,330Southwest CoastSan Diego
98%
4,731,803West CoastSan Francisco
98%
3,979,629Northwest CoastSeattle
98%
2,967,239Mountain WestDenver
95%
2,363,730West CoastSacramento
93%
1,990,660West CoastSan Jose
93%
2,266,715SouthwestLas Vegas
91%
1,232,696Mountain WestSalt Lake City
91%
918,018SouthwestAlbuquerque
89%
745,791Mountain WestColorado Springs
89%
568,521Interior NorthwestSpokane
89%
974,563PolynesiaHonolulu
86%
1,047,279SouthwestTucson
86%
999,101West CoastFresno
84%
396,317AlaskaAnchorage
82%
749,202Interior NorthwestBoise
80%
844,124SouthwestEl Paso
80%
900,202West CoastBakersfield
73%
475,642Mountain WestReno
73%
433,903Northwest CoastSalem
70%
382,067Northwest CoastEugene
68%
4,650,631Southwest CoastRiverside
66%
762,148West CoastStockton
64%
356,899Mountain WestFort Collins
59%
648,252Mountain WestProvo
59%
550,660West CoastModesto
55%
683,864Mountain WestOgden
48%
290,536Northwest CoastOlympia
48%
846,006Southwest CoastOxnard
45%
213,787SouthwestYuma
45%
265,206High PlainsAmarillo
43%
326,196Mountain WestBoulder
43%
322,257High PlainsLubbock
39%
324,492Mountain WestGreeley
34%
218,615SouthwestLas Cruces
34%
494,336West CoastSanta Rosa
32%
229,247Northwest CoastBellingham
27%
250,873Interior NorthwestYakima
27%
434,061West CoastSalinas
23%
273,920West CoastSanta Cruz
23%
447,643West CoastVallejo
23%
466,195West CoastVisalia
23%
220,944Northwest CoastMedford
20%
446,499Southwest CoastSanta Maria
20%
219,186West CoastChico
18%
299,612Northwest CoastKennewick
18%
212,990SouthwestLake Havasu City
16%
235,099SouthwestPrescott
16%
283,111West CoastSan Luis Obispo
16%
277,680West CoastMerced
14%
271,473Northwest CoastBremerton
9%

Score Distribution

Percentile by Number Answered

Percent of People with Each Score

Your Score History

You have not taken this quiz